| 000 | 00703nam a2200181 a 4500 | ||
|---|---|---|---|
| 001 | 000038252 | ||
| 005 | 20210910112133.0 | ||
| 008 | 130405s2012 dr ac 000 0 spa d | ||
| 020 | _a9789945005486 | ||
| 040 |
_aDO-SdBNP _bspa _cBNPHU |
||
| 100 | 1 |
_aRamírez Morillo, Belarminio, _d1964- _92520 |
|
| 245 | 1 | 0 |
_aMargarita por dentro : _bconozca las razones de su crecimiento / _cBelarminio Ramírez Morillo. |
| 260 |
_aSanto Domingo : _bFundación de Estudios Sociopolíticos Jurídicos y Económicos, _c2012. |
||
| 300 |
_a324 p. : _bils., rets. ; _c24 cm. |
||
| 500 | _aIncluye datos biográficos del autor en las solapas | ||
| 500 | _aIncluye índice onomástico | ||
| 504 | _aBibliografía : p. 321-324 | ||
| 999 |
_c37742 _d37742 |
||